Online Catalogue and eLibrary

Proposed Educational Reforms 1982 : (Record no. 2963)

MARC details
000 -LEADER
fixed length control field 00254nam a2200097Ia 4500
008 - FIXED-LENGTH DATA ELEMENTS--GENERAL INFORMATION
fixed length control field 240331s9999 xx 000 0 und d
082 ## - DDC Classification
Item Number - Author Mark PRO
100 ## - MAIN ENTRY--PERSONAL NAME
Personal name Logo. ed
245 #0 - TITLE STATEMENT
Title Proposed Educational Reforms 1982 :
Remainder of title Logos, Vol.21, No.1, March 1982
942 ## - Koha item type (Biblio)
Koha item type Books in Stacks (Lending)
Holdings
Lost status Damaged status Collection code Home library Current library Shelving location Date acquired Full call number Accession Number Item type
    Lending WERC Library WERC Library Social Science Cupboard 03/31/2024 379 PRO 211 Books in Stacks (Lending)

© WERC Library